书目信息 |
| 题名: |
输变电设备物联网关键技术
|
|
| 作者: | 曹敏 编著 | |
| 分册: | ||
| 出版信息: | 北京 机械工业出版社 2020 |
|
| 页数: | 213页 | |
| 开本: | 24cm | |
| 丛书名: | ||
| 单 册: | ||
| 中图分类: | TM76 | |
| 科图分类: | ||
| 主题词: | 互联网络--应用--输配电设备--研究 , 智能技术--应用--输配电设备--研究 | |
| 电子资源: | ||
| ISBN: | 978-7-111-63621-2 | |
| 000 | 01226nam0 2200253 450 | |
| 001 | 2245966788 | |
| 005 | 20220930124621.13 | |
| 010 | @a978-7-111-63621-2@dCNY89.00 | |
| 100 | @a20200408d2020 em y0chiy50 ea | |
| 101 | 0 | @achi |
| 102 | @aCN@b110000 | |
| 105 | @aa z 000yy | |
| 200 | 1 | @a输变电设备物联网关键技术@9shu bian dian she bei wu lian wang guan jian ji shu@f曹敏[等]编著 |
| 210 | @a北京@c机械工业出版社@d2020 | |
| 215 | @a213页@c图,照片@d24cm | |
| 300 | @a制造业先进技术系列 | |
| 304 | @a编著者还有:黄星、周年荣、李剑、高文胜、张晓春等24人 | |
| 330 | @a本书介绍了物联网、输变电设备在线监测、智能感知、大数据融合等前沿技术,详细介绍了输变电设备物联网的相关知识,以及在电力系统中的成功应用。全书介绍了输变电设备物联网的设备全景信息模型,可扩展的输变电设备物联网的标识体系,面向演进的异构输变电设备物联网分层分布体系架构,统一规范的输变电设备物联网分布自治的监测体系,输变电设备状态监测的一体化、智能化和通用化以及输变电设备故障诊断、状态评估、事故预警、状态维修、故障处置、资产管理等的智能应用功能等。 | |
| 606 | 0 | @a互联网络@x应用@x输配电设备@x研究 |
| 606 | 0 | @a智能技术@x应用@x输配电设备@x研究 |
| 690 | @aTM76@v5 | |
| 701 | 0 | @a曹敏@9cao min@4编著 |
| 801 | 0 | @aCN@b91MARC@c20200408 |
| 905 | @aZUCC@dTM76@e2 | |
| 输变电设备物联网关键技术/曹敏[等]编著.-北京:机械工业出版社,2020 |
| 213页:图,照片;24cm |
| 制造业先进技术系列 |
| ISBN 978-7-111-63621-2:CNY89.00 |
| 本书介绍了物联网、输变电设备在线监测、智能感知、大数据融合等前沿技术,详细介绍了输变电设备物联网的相关知识,以及在电力系统中的成功应用。全书介绍了输变电设备物联网的设备全景信息模型,可扩展的输变电设备物联网的标识体系,面向演进的异构输变电设备物联网分层分布体系架构,统一规范的输变电设备物联网分布自治的监测体系,输变电设备状态监测的一体化、智能化和通用化以及输变电设备故障诊断、状态评估、事故预警、状态维修、故障处置、资产管理等的智能应用功能等。 |
| ● |
| 相关链接 |
|
|
|
正题名:输变电设备物联网关键技术
索取号:TM76/2
 
预约/预借
| 序号 | 登录号 | 条形码 | 馆藏地/架位号 | 状态 | 备注 |
| 1 | 2000908297 | 2000908297 | 第三书库/ [索取号:TM76/2] | 在馆 | |
| 2 | 2000908298 | 2000908298 | 第三书库/ [索取号:TM76/2] | 在馆 | |
| 3 | 2000908299 | 2000908299 | 第三书库/ [索取号:TM76/2] | 在馆 |